BSOP header

The empasis of leadership as servanthood : (Record no. 19938)

MARC details
000 -LEADER
fixed length control field 00657nam a2200169 4500
008 - FIXED-LENGTH DATA ELEMENTS--GENERAL INFORMATION
fixed length control field 040422s1982 us eng
090 ## - LOCALLY ASSIGNED LC-TYPE CALL NUMBER (OCLC); LOCAL CALL NUMBER (OCLC)
Classification number (OCLC) (R) ; Classification number, CALL (RLIN) (NR) BV652.1
Local cutter number (OCLC) ; Book number/undivided call number, CALL (RLIN) F41e
100 1# - MAIN ENTRY--PERSONAL NAME
Personal name Ferris, Robert W.
245 10 - TITLE STATEMENT
Title The empasis of leadership as servanthood :
Remainder of title an analysis of curricullum commitments /
Statement of responsibility, etc Robert W. Ferris.
260 ## - PUBLICATION, DISTRIBUTION, ETC. (IMPRINT)
Place of publication, distribution, etc Michigan :
Name of publisher, distributor, etc Michigan State University,
Date of publication, distribution, etc c1982.
300 ## - PHYSICAL DESCRIPTION
Extent 200 p.
500 ## - GENERAL NOTE
General note Thesis (Ph.D. Philosophy)--Michigan State University, 1982
650 #4 - SUBJECT ADDED ENTRY--TOPICAL TERM
Topical term or geographic name as entry element Christian leadership
General subdivision Dissertations, Academic.
650 #4 - SUBJECT ADDED ENTRY--TOPICAL TERM
Topical term or geographic name as entry element Helping profession.
650 #4 - SUBJECT ADDED ENTRY--TOPICAL TERM
Topical term or geographic name as entry element Service.
951 ## - EQUIVALENCE OR CROSS-REFERENCE-GEOGRAPHIC NAME/AREA NAME [OBSOLETE] [CAN/MARC only]
General subdivision 00028620
951 ## - EQUIVALENCE OR CROSS-REFERENCE-GEOGRAPHIC NAME/AREA NAME [OBSOLETE] [CAN/MARC only]
-- 26913
-- BV652.1/F41e
-- 070613111354515
-- 2000-12-21
-- THE
Holdings
Withdrawn status Lost status Damaged status Not for loan Home library Current library Shelving location Date acquired Accession number Shelving control number Total Checkouts Full call number Barcode Date last seen Price effective from Koha item type
        BSOP Library BSOP Library Thesis 12/21/2000 26913 127   BV652.1/F41e 00028620 02/23/2013 02/23/2013 Books
BSOP

Biblical Seminary of the Philippines
  All rights Reserved
  © 2024

CONTACT INFORMATION

Biblical Seminary of the Philippines,
  77-B Karuhatan Road, Valenzuela City,
  PHILIPPINES 1441
  Phone: +632 8292-6795 / 8292-6798
  Fax : +632 8292-6675
  Email: library@bsop.edu.ph